Khandan e Chub Rajpoot / (Record no. 526253)
[ view plain ]
| 000 -LEADER | |
|---|---|
| fixed length control field | 00611nam a22001817a 4500 |
| 003 - CONTROL NUMBER IDENTIFIER | |
| control field | NUST |
| 020 ## - INTERNATIONAL STANDARD BOOK NUMBER | |
| Qualifying information | HBK |
| 038 ## - RECORD CONTENT LICENSOR | |
| Staff Name | Faiza |
| 082 ## - DEWEY DECIMAL CLASSIFICATION NUMBER | |
| Classification number | 929.2 |
| Author Mark | KHA |
| 100 ## - MAIN ENTRY--PERSONAL NAME | |
| Personal name | Khan, Raja Muhammad Iftikhar Ali |
| 9 (RLIN) | 17221 |
| 245 ## - TITLE STATEMENT | |
| Title | Khandan e Chub Rajpoot / |
| Statement of responsibility, etc. | Raja Muhammad Iftikhar Ali Khan |
| 260 ## - PUBLICATION, DISTRIBUTION, ETC. | |
| Place of publication, distribution, etc. | Barhang, Azad kashmir : |
| Name of publisher, distributor, etc. | Maktaba Naveed, |
| Date of publication, distribution, etc. | 1979. |
| 300 ## - PHYSICAL DESCRIPTION | |
| Extent | 146 p. ; |
| 880 ## - ALTERNATE GRAPHIC REPRESENTATION | |
| Linkage | 100-01\r |
| Title | راجہ محمد افتخار علی خان |
| 880 ## - ALTERNATE GRAPHIC REPRESENTATION | |
| Linkage | 245-02\r |
| Title | خاندانِ چب راجپوت / |
| 880 ## - ALTERNATE GRAPHIC REPRESENTATION | |
| Linkage | 260-03\r |
| Title | بڑھنگ،آزاد کشمیر : |
| b | مکتبہ نوید, |
| c | ۱۹۷۹. |
| 942 ## - ADDED ENTRY ELEMENTS (KOHA) | |
| Source of classification or shelving scheme | |
| Koha item type | Book |
| Withdrawn status | Lost status | Source of classification or shelving scheme | Damaged status | Not for loan | Permanent Location | Current Location | Date acquired | Total Checkouts | Full call number | Barcode | Date last seen | Price effective from | Koha item type |
|---|---|---|---|---|---|---|---|---|---|---|---|---|---|
| Central Library (CL) | Central Library (CL) | 07/10/2019 | 929.2 KHA | CL-E-712 | 07/10/2019 | 07/10/2019 | Book |
